000 00440nam a2200145 4500
999 _c6170
_d6170
008 170210b xxu||||| |||| 00| 0 eng d
082 _aDPer 910.5 T69 Jan-Aug 2015 v. 1-4
100 _918646
_aOtarra, Meriam
245 _aBeauty in ruins/
_cMeriam Otarra.
260 _aPhilippines:
_bOne Mega Group,
_c©2015.
300 _av1, page 38;
_c28 cm.
500 _aTravel Now.
650 0 _918647
_aTourist trade
_zTacloban
942 _2ddc
_cPER